000 00866cab a2200253 4500
001 ABS60100
008 090401t1999 xxu||||| |||| 00| 0 eng d
035 _a(Sirsi) u99712
041 _aeng
100 _aSims, A.
245 _aGet what you pay for
260 _c1999
350 _a0
490 _aBuilding
_v264(8076) 26 February 1999, 37(1)
520 _aDiscusses how clients can look for `selection by value`, thereby choosing their contractor by best value rather than by lowest price. Highlights guidance published by the Construction Industry Research and Information Association.
650 _aCIRIA
650 _aCLIENTS
650 _aCONSTRUCTION INDUSTRY RESEARCH AND INFORMATION ASSOCIATION
650 _aCONTRACTORS
650 _aVALUE FOR MONEY
690 _aBUILDING AND CONSTRUCTION-ECONOMICS
942 _n0
948 _c03/03/1999
999 _c59950
_d59950